[Event "FIDE Chesscom Grand Swiss 2021"]
[Site "Riga"]
[Date "2021.10.28"]
[Round "2.21"]
[White "Eljanov, Pavel"]
[Black "Ponomariov, Ruslan"]
[Result "0-1"]
[WhiteElo "2691"]
[BlackElo "2631"]
[Annotator "TA"]
[PlyCount "76"]
[EventDate "2021.10.27"]
[EventType "swiss"]
[EventCountry "LAT"]
[Tiebreak "Cut1 Buchholz+Sonneborn-Berger (Swiss)"]
[SourceTitle "playchess.com"]
[Source "ChessBase"]
[SourceQuality "1"]

{[%evp 11,76,0,10,-10,5,8,0,-9,-12,-18,-21,-59,-64,-77,-71,-91,-89,-83,-89,-87,
-84,-79,-88,-90,-77,-83,-72,-79,-72,-73,-61,-96,-89,-106,-88,-86,-85,-114,-60,
-73,-76,-115,-93,-131,-141,-168,-145,-171,-159,-219,-145,-149,-106,-114,-122,
-210,-221,-361,-356,-339,-329,-710,-719,-669,-661,-681,-638]} 1. Nf3 d5 2. g3
g6 3. Bg2 Bg7 4. O-O e5 5. d3 Ne7 6. e4 O-O 7. b4 {A07: Réti Opening: New York
and Capablanca Systems.} Nbc6 8. c3 a6 9. Nbd2 {The position is equal.} d4 10.
cxd4 Nxd4 {[#]} 11. Nxd4 $146 ({Predecessor:} 11. Bb2 Nec6 12. Nxd4 Nxd4 13.
Nb3 Nc6 14. a3 Qd6 15. Qc2 Rd8 16. Rfd1 Bg4 17. f3 {0-1 (42) Medancic,R (2225)
-Plenca,J (2463) Palic 2017}) 11... Qxd4 12. Qc2 Nc6 ({And not} 12... Qxa1 13.
Nb3 $16) 13. Nb3 Qxb4 14. Be3 Rd8 15. Rab1 Qd6 16. Rfc1 a5 17. Bf1 h5 18. h4
Qe7 19. Nd2 Kh7 20. Nf3 f6 21. Qb2 Bh6 22. a3 Bxe3 23. fxe3 a4 24. Rc3 Ra7 (
24... Kg7 $17 25. Qc2 Ra7) 25. Rbc1 Bg4 26. Qf2 Rd7 27. Nd2 Kg7 28. Kh2 Ra8 29.
Rb1 Na5 30. d4 (30. Rb4 $17 {was necessary.}) 30... c6 31. Rb4 b5 32. d5 Rad8 (
{Of course not} 32... cxd5 $6 33. exd5 Rb8 34. e4 $11) 33. Nf3 (33. Nb1 $17 {
was worth a try.}) 33... Rd6 $19 34. Kg2 (34. Nd2 {is a better defense.}) 34...
cxd5 35. exd5 Rxd5 36. e4 $2 {[#]} (36. Bxb5 Rc5 37. Rxc5 Qxc5 38. Nh2) 36...
Bxf3+ {Black is clearly winning.} 37. Kxf3 Rd4 38. Rxb5 Nb3 {Weighted Error
Value: White=0.32/Black=0.09} 0-1

[Event "FIDE Chesscom Grand Swiss 2021"]
[Site "Riga"]
[Date "2021.10.28"]
[Round "2.22"]
[White "Movsesian, Sergei"]
[Black "Navara, David"]
[Result "1/2-1/2"]
[WhiteElo "2627"]
[BlackElo "2691"]
[Annotator "TA"]
[PlyCount "166"]
[EventDate "2021.10.27"]
[EventType "swiss"]
[EventCountry "LAT"]
[Tiebreak "Cut1 Buchholz+Sonneborn-Berger (Swiss)"]
[SourceTitle "playchess.com"]
[Source "ChessBase"]
[SourceQuality "1"]

{[%evp 14,166,0,0,0,0,0,0,0,0,8,0,33,28,29,25,20,24,13,0,0,0,0,0,0,0,0,0,0,-22,
-22,-63,-33,-76,-58,-78,-92,-68,-68,-68,-68,-68,-56,-64,-64,-63,-27,-29,-37,
-66,-61,-43,-31,-39,-38,-37,-41,-35,0,0,0,-37,-34,-75,-75,-75,-75,-75,-75,-75,
-75,-75,-56,-75,-75,-75,-69,-75,-66,-59,-59,-60,-59,-59,-59,-92,-92,-92,-92,
-92,-92,-92,-92,-92,-92,-92,0,-92,-92,-92,-92,-92,-86,-92,0,-92,-92,-92,-92,
-92,-92,-92,-92,-92,-92,-92,-68,-92,-92,-92,0,-93,-68,-92,-68,-93,-93,-107,-18,
-18,-18,-18,-18,-137,-137,-137,-137,-137,-137,-137,-67,-67,-67,-67,-67,-67,-67,
-67,-18,-32,-47,-77,0,0,0]} 1. e4 c5 2. Nf3 d6 3. d4 cxd4 4. Nxd4 Nf6 5. Nc3 a6
6. a4 e5 7. Nf3 Be7 $1 {The main line 7...Be7 scores better than 7...Qc7.} 8.
Bg5 Be6 {B90: Sicilian Najdorf: Unusual White 6th moves, 6 Be3 Ng4 and 6 Be3
e5.} 9. Bxf6 Bxf6 10. Nd5 Nd7 11. Bc4 Rc8 12. b3 (12. Qe2 {keeps more tension.}
O-O 13. O-O Nb6 14. Nxb6 Qxb6 15. Bxe6 fxe6 16. c3) 12... Nb6 13. Nxf6+ Qxf6
14. Bxe6 Qxe6 15. O-O O-O {[#]} 16. Qd3 $146 ({Predecessor:} 16. Re1 Rc6 17. a5
Nd7 18. Nd2 f5 19. exf5 Qxf5 20. Ne4 Nc5 21. Nxd6 Qxf2+ 22. Kh1 {1/2-1/2 (40)
Ponkratov,P (2632)-Kokarev,D (2606) Khanty-Mansiysk 2019}) 16... Nd7 {[%cal
Bb6d7,Bd7c5,Bc5e4][%mdl 32]} 17. Rad1 Nc5 18. Qxd6 Qxd6 ({Much worse is} 18...
Nxe4 19. Qxe6 fxe6 20. Rfe1 $14) 19. Rxd6 Nxe4 20. Rb6 f6 21. c4 Rfd8 22. h3
Rd7 23. a5 Rc6 (23... Kf7 {with more complications.} 24. Re1 Nc5 25. Rb1 e4 26.
Ne1 f5) 24. Re1 {Strongly threatening Rxc6.} Rxb6 25. axb6 $17 {[%mdl 4096]
Endgame KRN-KRN} Nc5 26. b4 Ne6 27. Rc1 Kf7 28. Kf1 Rd3 29. c5 Nd8 (29... Ke7 {
seems wilder.} 30. Ke1 Kd7 31. c6+ Kc8 32. Nd2 Rd4) 30. Ne1 $1 Rb3 31. Rd1 Ke8
32. Nc2 Rb2 33. Ne3 Rxb4 {And now ...Ne6 would win.} 34. Nf5 g6 35. Nd6+ Ke7
36. Nc8+ Ke8 37. Nd6+ Kf8 38. Nxb7 Nxb7 $15 {KRN-KR} 39. c6 {[#]} Ke8 $1 40.
cxb7 Rxb6 $17 {KR-KR} 41. Rd6 Rb1+ 42. Ke2 Rxb7 (42... Ke7 {is more complex.}
43. Rxa6 Rxb7 44. h4 h5 45. Ke3 Rb3+) 43. Rxa6 Kf7 44. h4 Kg7 45. g3 f5 46. Kf1
e4 47. Kg2 Rb2 48. Ra7+ Kh6 49. Ra3 Kh5 50. Rc3 Kg4 51. Rc4 Re2 52. Rc5 Rd2 53.
Rc4 Ra2 54. Rb4 Rd2 55. Rc4 $1 h6 56. Ra4 Re2 57. Ra6 Kh5 58. Ra5 Kg4 {Hoping
for ...f4.} 59. Ra6 {[#]} g5 $1 60. hxg5 hxg5 {...e3 is the strong threat.} 61.
Ra4 Rd2 62. Rb4 Kh5 63. Kf1 Rd6 64. Kg2 Re6 65. Kf1 Re8 66. Ra4 Re6 67. Rb4 $1
Kg6 68. Ra4 Re5 69. Ra6+ Kh5 70. Ra4 e3 (70... Rb5 $17 71. Ra3 Kg4) 71. fxe3
$11 Rxe3 72. g4+ fxg4 73. Kg2 (73. Ra7 $11) 73... Kh4 $17 74. Ra2 Rd3 75. Rb2
Rd4 76. Ra2 g3 (76... Rc4 $17 77. Kg1 g3) 77. Ra8 $1 $15 Kg4 78. Rb8 $1 Rd2+
79. Kg1 Re2 80. Ra8 g2 81. Ra3 Kf4 82. Rb3 Re3 ({Better is} 82... Rd2 $17) 83.
Rxe3 $11 Kxe3 {Weighted Error Value: White=0.05/Black=0.07} 1/2-1/2

[Event "FIDE Chesscom Grand Swiss 2021"]
[Site "Riga"]
[Date "2021.10.28"]
[Round "2.23"]
[White "Van Foreest, Jorden"]
[Black "Hovhannisyan, Robert"]
[Result "0-1"]
[WhiteElo "2691"]
[BlackElo "2622"]
[Annotator "TA"]
[PlyCount "78"]
[EventDate "2021.10.27"]
[EventType "swiss"]
[EventCountry "LAT"]
[Tiebreak "Cut1 Buchholz+Sonneborn-Berger (Swiss)"]
[SourceTitle "playchess.com"]
[Source "ChessBase"]
[SourceQuality "1"]

{[%evp 19,78,0,0,0,8,0,0,0,6,0,0,0,0,0,0,0,0,0,22,-12,0,0,0,0,13,15,30,0,72,71,
70,66,147,124,120,124,193,114,108,-231,-209,-359,-340,-336,-337,-307,-314,-435,
-409,-396,-396,-731,-731,-811,-714,-1067,-1015,-988,-953,-886,-827]} 1. d4 d5
2. c4 c6 3. Nf3 Nf6 4. Nc3 e6 5. g3 dxc4 6. Bg2 Nbd7 7. O-O Be7 8. e4 O-O 9. a4
e5 10. dxe5 Ng4 11. Bf4 {White wants to play h3. E07: Closed Catalan: Main
Line (5 Nf3 0-0 6 0-0 Nbd7).} Qa5 {[%cal Rg4e5]} 12. e6 fxe6 13. Qe2 {The
position is equal.} Nde5 14. Nxe5 Nxe5 15. Bxe5 Qxe5 16. Kh1 Bd7 $5 {[%mdl 4]
Exploring less charted territory.} 17. f4 Qc5 18. e5 Rad8 {[#]} 19. Rad1 $146 (
{Predecessor:} 19. Ne4 Qb4 20. Rfc1 Be8 21. Rxc4 Qb3 22. Rc3 Qb4 23. Rc4 Qb3
24. Rc3 Qb4 25. a5 {1/2-1/2 (40) Banusz,T (2582)-Dreev,A (2643) Jerusalem 2015}
) 19... Bc8 20. Rxd8 Rxd8 21. Be4 Bf8 22. h4 b5 23. Bb1 (23. Qh5 $5 {[%cal
Re4h7]} g6 24. Bxg6 hxg6 25. Qxg6+ Bg7 26. h5 $14) 23... Bb7 ({Reject} 23... g6
$6 24. h5 $16) (23... Qe7 $11) 24. Kh2 $16 {[%mdl 1024] White has strong
compensation.} Qe7 25. Ne4 $1 Rd4 ({Black should play} 25... a6 $14) 26. Ng5 $1
g6 27. h5 $1 Qd7 (27... c5 $16) 28. Nf3 (28. Rf2 $18) 28... c5 29. Nxd4 {
[%mdl 8192] Now White is beyond hope.} (29. hxg6 $16 {stays on course.} hxg6
30. Bxg6) 29... cxd4 $19 30. Be4 (30. Qg4 {was worth a try.} bxa4 31. hxg6)
30... d3 31. Qf3 Bxe4 32. Qxe4 Qd5 $1 {[%cal Rd5e4]} ({Don't blunder} 32...
gxh5 $2 33. f5 $18) 33. Qxd5 exd5 34. axb5 {[%mdl 4096] Endgame [#] KR-KB} Ba3
$1 {[%mdl 512]} 35. Kg2 $2 ({Much worse is} 35. bxa3 c3 $19) (35. hxg6 Bxb2 36.
gxh7+ Kxh7 37. e6) (35. hxg6 Bxb2) 35... Bxb2 {Black is clearly winning.} 36.
hxg6 hxg6 37. Kf3 {[#]} Bd4 $1 38. Rd1 c3 39. Rxd3 {[#]} c2 $1 {Weighted Error
Value: White=0.51/Black=0.13} 0-1

[Event "FIDE Chesscom Grand Swiss 2021"]
[Site "Riga"]
[Date "2021.10.28"]
[Round "2.24"]
[White "Korobov, Anton"]
[Black "Kuzubov, Yuriy"]
[Result "1-0"]
[WhiteElo "2690"]
[BlackElo "2624"]
[Annotator "TA"]
[PlyCount "87"]
[EventDate "2021.10.27"]
[EventType "swiss"]
[EventCountry "LAT"]
[Tiebreak "Cut1 Buchholz+Sonneborn-Berger (Swiss)"]
[SourceTitle "playchess.com"]
[Source "ChessBase"]
[SourceQuality "1"]

{[%evp 9,87,9,15,14,18,19,32,5,16,16,19,21,16,21,33,11,23,13,22,17,19,17,24,31,
39,13,31,31,18,16,35,15,81,75,129,133,149,151,165,112,199,202,249,251,246,246,
244,244,272,221,327,321,507,379,379,379,375,359,348,345,328,283,291,287,325,
335,712,681,630,568,874,874,803,803,1039,1038,1020,1061,865,783]} 1. c4 e6 2.
Nf3 d5 3. d4 a6 4. c5 Nf6 5. Nc3 Nc6 6. Bf4 {D30: Queen's Gambit Declined:
Systems without Nc3.} Nh5 {now scores much better than the old 6...Be7.} 7. Bd2
Nf6 8. h3 {White is slightly better.} Ne4 9. Bf4 Nxc3 10. bxc3 b6 11. cxb6 cxb6
12. e3 Bd6 {[#]} 13. Bd3 $146 ({Predecessor:} 13. Bxd6 Qxd6 14. Bd3 Bd7 15. O-O
O-O 16. Qb1 g6 17. Qxb6 Rfb8 18. Qc5 Qxc5 19. dxc5 Rc8 20. e4 Ne7 21. Ne5 {
1/2-1/2 (80) Praggnanandhaa,R (2608)-Carlsen,M (2847) chess24.com INT 2021})
13... Bxf4 14. exf4 Qc7 15. g3 Bd7 16. O-O Ne7 17. Re1 g6 18. Rc1 Bb5 19. Bb1
Rc8 20. h4 Qd6 (20... h5 $1 $11) 21. h5 Nf5 ({Don't go for} 21... gxh5 $2 22.
Ng5 $18) ({Better is} 21... Qa3) 22. a4 $16 {[%cal Ba2a4,Ba4a5,Ba5b6][%mdl 32]}
Bd7 23. Ne5 Kf8 24. Qd3 (24. Bxf5 $18 gxf5 25. c4) 24... Be8 (24... a5 $16) 25.
Qxa6 $18 Ne7 26. a5 Rb8 27. h6 f6 {[#]} 28. Nd3 {[%cal Rd3c5]} Bc6 29. Re2 {
Strongly threatening Rce1.} ({Weaker is} 29. axb6 Ra8 $11) 29... Qd7 (29... Bd7
$142 30. axb6 Rxb6) 30. axb6 Bb5 (30... Ra8 {is a better defense.} 31. b7 Qxb7
32. Qxb7 Bxb7 33. Rxe6 Kf7) 31. Qa7 Qxa7 32. bxa7 Ra8 33. Rxe6 Kf7 34. Rce1
Rxa7 35. Rb6 Bxd3 36. Bxd3 Rc8 37. Ree6 f5 $2 {[#]} (37... Ng8 38. f5 g5) 38.
Rf6+ {White is clearly winning.} Kg8 39. Ba6 Rf8 40. c4 {[%cal Bc3c4,Bc4c5]
[%mdl 32]} Rxf6 41. Rxf6 Rc7 42. c5 Rc6 43. Rd6 Kf7 44. Bb7 {Weighted Error
Value: White=0.13/Black=0.28} 1-0

[Event "FIDE Chesscom Grand Swiss 2021"]
[Site "Riga"]
[Date "2021.10.28"]
[Round "2.25"]
[White "Praggnanandhaa R"]
[Black "Adhiban, B.."]
[Result "1-0"]
[WhiteElo "2618"]
[BlackElo "2672"]
[Annotator "TA"]
[PlyCount "109"]
[EventDate "2021.10.27"]
[EventType "swiss"]
[EventCountry "LAT"]
[Tiebreak "Cut1 Buchholz+Sonneborn-Berger (Swiss)"]
[SourceTitle "playchess.com"]
[Source "ChessBase"]
[SourceQuality "1"]

{[%evp 19,109,0,11,10,14,0,0,0,0,0,2,-4,-9,-9,0,0,0,0,0,0,0,0,0,0,8,0,25,41,36,
18,20,20,20,17,144,145,127,126,144,144,161,144,142,144,134,135,198,157,155,153,
190,190,189,183,215,201,208,191,183,172,393,222,12839,12839,12836,12836,12841,
12842,12843,12843,12844,12844,12845,12844,12845,12845,12845,12845,12848,12847,
12847,12846,12847,12848,12848,12849,12850,12850,12850,27999,27999,27999]} 1. d4
Nf6 2. c4 g6 3. Nc3 d5 4. cxd5 Nxd5 5. e4 Nxc3 6. bxc3 Bg7 7. Nf3 c5 8. Bb5+
Nc6 9. O-O cxd4 10. cxd4 O-O {[%cal Rc6d4]} 11. Bxc6 {D85: Exchange Grünfeld:
Unusual White 7th moves and lines with 7 Nf3.} bxc6 12. Qc2 $5 {[%mdl 4] An
interesting side line.} Bg4 13. Ne5 $1 {[%cal Re5g4] The position is equal.}
Qxd4 14. Bb2 Qb6 15. Rab1 Bxe5 16. Bxe5 Qa6 {[#] And now ...Be2 would win.} 17.
Qc5 Rfe8 {[#]} (17... f6 {is more complex.} 18. Bd4 Be2 19. Rfc1 Bd3 20. Rb3 e5
) 18. Bc3 $146 ({Predecessor:} 18. Ba1 Rad8 19. f3 Bc8 20. Qc3 e5 21. f4 Rd3
22. Qc1 Qxa2 23. Rb2 Qa4 24. Rb8 {1/2-1/2 (51) Alber,H (2325)-Yuferov,S (2400)
Yaroslavl 1990}) 18... Qxa2 19. Rb2 Qa4 20. f3 {Hoping for Rb4.} ({Reject} 20.
Qe5 f6 $17) 20... Bc8 $1 21. Rc1 f6 22. e5 Qf4 23. Re1 {Threatens to win with
exf6.} Qf5 24. g4 Qxf3 {Strongly threatening ...Be6.} 25. exf6 $1 Be6 $1 26.
Rf2 Qxg4+ (26... Qd5 $1 $11 {keeps the balance.} 27. Qxd5 Bxd5) 27. Rg2 $16 {
White wants to mate with Qe5.} Qf4 28. Rxe6 {[%mdl 64] [#] Double Attack} exf6
29. Rxf6 $40 {[%mdl 128] White is out for blood.} Qc1+ 30. Rf1 {White
threatens Qc4+ and mate.} Qe3+ 31. Qxe3 Rxe3 32. Rc2 Rd8 (32... Rd3 $16 33. Ra1
Rd5) 33. Ra1 Rd7 34. Ra6 Re6 35. Rd2 Rxd2 36. Bxd2 $18 {[%mdl 4096] Endgame
KRB-KR} g5 37. Rxa7 h6 38. Rc7 Re2 39. Bc3 Re6 $2 (39... Re3 {was necessary.})
40. Kf2 (40. Rg7+ $142 Kf8 41. Kf2) 40... Rd6 $2 (40... Re4 41. Rxc6 Kh7) 41.
Ke3 Re6+ 42. Kf3 c5 43. Kg4 Re2 44. h3 Re3 45. Bg7 Re6 46. Kf5 Ra6 47. Bf6 Kf8
48. Rxc5 Ra3 49. Rc3 Ra4 50. Re3 Rc4 51. Kg6 {Intending Bg7+ and mate.} Rc6 52.
Rd3 {[%cal Rd3d8]} Rc8 53. Rd8+ Rxd8 54. Bxd8 Kg8 55. Kxh6 {Weighted Error
Value: White=0.09/Black=0.18} 1-0

[Event "FIDE Chesscom Grand Swiss 2021"]
[Site "Riga"]
[Date "2021.10.28"]
[Round "2.26"]
[White "Sethuraman, S.P.."]
[Black "Sargissian, Gabriel"]
[Result "1/2-1/2"]
[WhiteElo "2620"]
[BlackElo "2664"]
[Annotator "TA"]
[PlyCount "143"]
[EventDate "2021.10.27"]
[EventType "swiss"]
[EventCountry "LAT"]
[Tiebreak "Cut1 Buchholz+Sonneborn-Berger (Swiss)"]
[SourceTitle "playchess.com"]
[Source "ChessBase"]
[SourceQuality "1"]

{[%evp 11,143,14,14,4,11,14,13,0,18,0,8,12,4,17,8,10,42,29,36,37,18,27,41,37,
40,39,39,44,35,48,65,40,50,56,27,29,72,38,45,54,146,146,140,145,160,161,166,
148,151,134,147,127,146,124,289,107,125,125,125,116,131,10,79,91,80,-51,-56,
-56,-56,-92,-58,-55,-40,-523,-551,-429,-363,-339,-316,-369,-363,-352,-353,-403,
-400,-1815,-279,-758,-752,-699,-689,-859,-1130,-1267,-524,-510,-479,-464,-452,
-595,-362,-284,-141,-154,-80,-80,-83,-83,-8,-8,-8,-8,-8,-9,0,0,0,0,0,0,0,0,0,0,
0,0,0,0,0,0,0,0,0,0]} 1. e4 e5 2. Nf3 Nc6 3. Bb5 Nf6 4. d3 Bc5 5. c3 O-O 6. O-O
d6 7. Re1 {C65: Ruy Lopez: Berlin Defence (3...Nf6), unusual lines and 4 0-0
Bc5.} Ne7 8. d4 Bb6 9. a4 {[#]} c6 $146 ({Predecessor:} 9... exd4 10. a5 Bxa5
11. Rxa5 c6 12. Ra4 cxb5 13. Rxd4 Ne8 14. Bg5 f6 15. Qb3+ Kh8 {1-0 (67)
Matusek,J (2259)-Herriot,B (2193) ICCF email 2018}) 10. Bf1 Ng6 11. Nbd2 Re8
12. h3 h6 13. Qc2 Be6 14. b4 Bc7 15. c4 exd4 16. Nxd4 a5 17. b5 Bb6 18. Bb2 Rc8
19. bxc6 bxc6 20. N2b3 Nd7 21. Nf5 Bxf5 22. exf5 Rxe1 23. Rxe1 Ngf8 24. Bc3 (
24. Rd1 {keeps more tension.} d5 25. Qe2 Nf6 26. cxd5 cxd5 27. Bxf6 Qxf6 28.
Rxd5 Qc3 29. Qb5) 24... Nh7 $1 25. Qd2 $36 {[%mdl 2048] White has the
initiative.} Nc5 ({Black should try} 25... Qh4 $1 $14) 26. Nxc5 $16 ({And not} 
26. Nxa5 Nf6 $17) 26... Bxc5 27. Bxa5 Qd7 28. Bd3 d5 29. Bc3 d4 30. Bb4 Qd6 31.
Bxc5 Qxc5 32. a5 Qa3 $2 (32... Nf6 $16 33. Ra1 Qa7) 33. Bf1 $2 (33. c5 $1 $18 {
and the rest is easy.}) 33... c5 34. Rb1 Nf6 35. Bd3 Re8 36. Rb5 (36. Kh2 $16)
36... Ne4 (36... Qa1+ $11 37. Rb1 Qa4) 37. Bxe4 Rxe4 {[%mdl 4096] Endgame
KQR-KQR} 38. a6 (38. Kh2 $16) 38... Qa1+ $15 39. Kh2 {And now Ra5 would win.}
Qxa6 40. Qd3 Qd6+ 41. g3 $1 Re1 42. Qd2 $2 {[%mdl 8192]} (42. f6 $15) 42... Qe5
$19 43. Qd3 Rc1 {( -> ...Qe1)} 44. f6 Rc3 45. Qd2 Rxc4 46. fxg7 Qf6 ({Not} 
46... Kxg7 47. Rb6 $15) ({But not} 46... Qxg7 $2 47. Rb8+ Kh7 48. Qd3+ Qg6 49.
Qxc4 $18) 47. h4 Kxg7 48. Qe2 (48. Rb7 $142 Rc3 49. Rd7) 48... Qe6 $2 (48... d3
49. Qxd3 Qxf2+ 50. Kh3 Rc2) 49. Qf3 (49. Qd2) 49... Rc3 50. Qf4 d3 51. Qf3 Rc2
52. Kg2 c4 (52... d2 $142 53. Rb8 Rc1) 53. Rd5 Re2 54. Rd4 {intending Rg4+.}
Re5 55. Qg4+ Qxg4 56. Rxg4+ {KR-KR} Kf6 57. Rxc4 {[#] White wants to play Rd4.}
Rd5 (57... Ke6 $142 $1 {Threatens to win with ...d2.} 58. Rc1 Kd5) 58. Rc1 $17
{[#]} Ke5 $1 {[%cal Re5d4]} 59. Kf1 Kd4 ({Better is} 59... Ke4 $17 {...d2 is
the strong threat.} 60. Rb1 Re5) 60. Ke1 $11 {The position is equal.} Re5+ 61.
Kd1 Re2 62. Rc7 $1 f5 (62... f6 {is more complex.} 63. Rd7+ Ke4 64. Re7+ Kf3
65. Rf7 Re6) 63. Rh7 Rxf2 {aiming for ...h5!} 64. Rxh6 Rg2 (64... Rf3 {with
more complications.} 65. Rf6 Ke3 66. Re6+ Kf2 67. Rg6 Rxg3 68. Rxg3 Kxg3 69. h5
f4) 65. Rf6 Ke5 (65... Ke4 {is interesting.} 66. Re6+ Kf3 67. Rf6 Ke4) 66. Rg6
$1 Rh2 67. Rg8 Ke4 68. Re8+ Kf3 69. Rf8 f4 (69... Ke3 $5 70. Re8+ $8 Kd4 $11)
70. gxf4 Ke3 {[%cal Rh2h1]} 71. Re8+ Kxf4 72. Rf8+ {What a bad dream for Black.
Weighted Error Value: White=0.58/Black=0.39} 1/2-1/2

[Event "FIDE Chesscom Grand Swiss 2021"]
[Site "Riga"]
[Date "2021.10.28"]
[Round "2.28"]
[White "Ter-Sahakyan, Samvel"]
[Black "Grandelius, Nils"]
[Result "1/2-1/2"]
[WhiteElo "2607"]
[BlackElo "2662"]
[Annotator "TA"]
[PlyCount "79"]
[EventDate "2021.10.27"]
[EventType "swiss"]
[EventCountry "LAT"]
[Tiebreak "Cut1 Buchholz+Sonneborn-Berger (Swiss)"]
[SourceTitle "playchess.com"]
[Source "ChessBase"]
[SourceQuality "1"]

{[%evp 28,79,31,37,35,0,21,0,33,8,6,10,13,0,8,0,2,0,0,0,0,0,0,0,0,8,25,18,12,7,
65,64,64,64,64,63,64,64,41,0,24,0,5,0,0,0,0,0,0,0,0,0,0,0]} 1. d4 Nf6 2. c4 g6
3. Nc3 d5 4. cxd5 Nxd5 5. e4 Nxc3 6. bxc3 Bg7 7. Bc4 c5 8. Ne2 Nc6 9. Be3 O-O
10. O-O Bg4 11. f3 Bd7 12. Rb1 cxd4 13. cxd4 a6 14. a4 Na5 15. Bd3 {[#]} Qc7
$146 {D88: Exchange Grünfeld: Classical Line: 10 Be3 cxd4 11 cxd4.} ({
Predecessor:} 15... Rc8 16. Rb4 b5 17. axb5 axb5 18. Bxb5 Bxb5 19. Rxb5 Nc4 20.
Bf2 Bh6 21. Qd3 Qd6 22. Rd1 Qa3 23. Qxa3 Nxa3 {1/2-1/2 (45) Pulvett Marin,D 
(2487)-Cumming,R (2361) Guimaraes 2021}) 16. Rc1 Qb6 17. Rb1 Qc7 18. d5 {
[#] Strongly threatening Bb6.} Nc4 19. Bxc4 Qxc4 20. Qd2 Qxa4 21. Bd4 {With
the idea Bxg7.} Bb5 {[#] Hoping for ...Bxd4+.} 22. Bxg7 Kxg7 23. Nc3 $36 {
[%mdl 2048] Black is under pressure.} Qa5 24. Qd4+ Kg8 25. Nxb5 axb5 26. Qc5
Qa7 27. Qxa7 Rxa7 $11 {[%mdl 4096] Endgame KRR-KRR} 28. Rfc1 Rfa8 (28... f5 $11
) 29. Rxb5 $14 Ra1 30. Rxa1 Rxa1+ {KR-KR} 31. Kf2 Ra7 32. Ke3 Kf8 33. Kd4 Ke8
34. e5 Kd7 {The position is equal.} 35. Kc5 Kc7 36. d6+ exd6+ 37. exd6+ Kd7 38.
Kd5 b6 39. Rxb6 Ra5+ 40. Ke4 {Weighted Error Value: White=0.08/Black=0.07}
1/2-1/2

[Event "FIDE Chesscom Grand Swiss 2021"]
[Site "Riga"]
[Date "2021.10.28"]
[Round "2.29"]
[White "Cheparinov, Ivan"]
[Black "Ganguly, Surya Shekhar"]
[Result "1/2-1/2"]
[WhiteElo "2659"]
[BlackElo "2617"]
[Annotator "TA"]
[PlyCount "151"]
[EventDate "2021.10.27"]
[EventType "swiss"]
[EventCountry "LAT"]
[Tiebreak "Cut1 Buchholz+Sonneborn-Berger (Swiss)"]
[SourceTitle "playchess.com"]
[Source "ChessBase"]
[SourceQuality "1"]

{[%evp 12,151,4,0,22,29,25,29,45,46,64,65,71,72,71,67,131,0,61,68,114,116,114,
108,108,102,132,124,142,144,142,131,165,180,135,70,72,69,67,58,50,59,69,60,71,
47,55,47,63,37,52,2,2,2,2,2,6,2,2,2,2,2,2,2,2,2,12,0,31,0,19,12,45,0,26,0,9,12,
45,7,31,25,23,17,16,20,20,18,42,20,20,20,20,20,20,18,20,19,19,19,19,19,19,19,
19,19,19,19,19,19,19,19,19,19,27,2,4,7,7,8,8,0,3,0,7,8,8,0,0,0,0,0,0,0,0,0,37,
0,0,0,37,37]} 1. d4 Nf6 2. c4 e6 3. Nf3 d5 4. Nc3 Bb4 5. Qa4+ Nc6 6. a3 Bxc3+
7. bxc3 dxc4 {D38: Queen's Gambit Declined: Ragozin Defence (4 Nf3 Bb4).} 8.
Qxc4 O-O 9. Bg5 h6 {White has an edge.} 10. Bh4 g5 11. Bg3 Qd5 {[#]} 12. Qd3
$146 ({Predecessor:} 12. Qxd5 Nxd5 13. c4 Nb6 14. e3 Na5 15. Rc1 c5 16. dxc5
Na4 17. Bd6 Re8 18. Nd2 {0-1 (54) Dal Borgo,A (2180)-Lombard,P (1953) Fontaine
2009}) 12... Ne4 13. Bxc7 b6 {[#]} (13... Qb3 $14) 14. Ne5 (14. h4 $1 $16 {
[%cal Rh4g5]}) 14... Nxe5 (14... Ba6 $1 $11 15. Qxa6 Rac8) 15. Bxe5 $14 f6 16.
Bg3 Kg7 17. f3 Nxg3 18. hxg3 Bb7 19. e3 Rac8 20. c4 Qd6 {[#]} 21. Kf2 Rc7 22.
Be2 e5 23. dxe5 ({White should play} 23. d5 $16 {Threatens to win with Rxh6!}
f5 24. Qb3) 23... Qxe5 24. Rad1 Re8 25. Qd4 Qxd4 26. Rxd4 Rce7 27. Bd3 Re5 28.
Rc1 R8e7 29. e4 Rc7 30. Rc3 Rec5 31. Rb3 Ba6 32. Rb4 Ra5 33. a4 Bb7 $1 34. Ke3
Bc6 35. Bc2 Rd7 36. Rxd7+ Bxd7 $11 {[%mdl 4096] Endgame KRB-KRB} 37. g4 Kf7 38.
Kd4 Ke7 39. g3 Kd6 40. Bd1 Bc6 41. f4 Ke6 42. Bc2 Be8 43. Bb3 {Black must now
prevent c5+.} Kd6 44. Bd1 Ke6 45. Bc2 Bc6 46. Rb1 Bxa4 47. Bd3 Bd7 48. Rh1 Kf7
49. Rxh6 gxf4 50. Rh7+ (50. gxf4 {is interesting.} Bxg4 51. Rh4 Bd7 52. Rh7+
Ke8 53. Be2) 50... Ke8 51. gxf4 {g5! is the strong threat.} Bxg4 52. f5 Bd1 53.
Rh1 Ba4 54. Be2 Bc6 55. Rh8+ Ke7 56. Rh7+ Kf8 $1 57. Bh5 {Strongly threatening
Rf7+.} Re5 58. Rf7+ Kg8 59. Rxf6 Rxe4+ 60. Kd3 Rh4 61. Rxc6 Rxh5 {KR-KR} 62.
Ke4 Rh4+ 63. Ke5 a5 64. Ke6 Re4+ 65. Kd5 Rf4 66. Ke5 Rh4 67. Ke6 Re4+ 68. Kf6
a4 69. Rc8+ Kh7 70. Rc7+ Kh6 71. Rb7 (71. c5 {with more complications.} bxc5
72. Rc8 Kh7 73. Ra8 Rb4 74. Kg5) 71... Rxc4 72. Rxb6 Kh7 73. Ra6 Rb4 74. Kf7
Rb7+ 75. Kf6 a3 76. Rxa3 {Weighted Error Value: White=0.11/Black=0.11} 1/2-1/2